Normal view
MARC view
Entry Corporate Name
001 - CONTROL NUMBER
- control field: 8667
003 - CONTROL NUMBER IDENTIFIER
- control field: OSt
005 - DATE AND TIME OF LATEST TRANSACTION
- control field: 20211028145711.0
008 - FIXED-LENGTH DATA ELEMENTS
- fixed length control field: 211028|| aca||aabn | a|a d
040 ## - CATALOGING SOURCE
- Original cataloging agency: OSt
- Transcribing agency: OSt
110 ## - HEADING--CORPORATE NAME
- Corporate name or jurisdiction name as entry element: Vanitha T
670 ## - SOURCE DATA FOUND
- Source citation: Work cat.: (OSt): Younten, Tenzin; Vanitha, T. 141927 8666, REACH: a retailer ordering application the android app., 2016